[Event "European Rapid 2014"]
[Site "Wroclaw POL"]
[Date "2014.12.20"]
[Round "7.28"]
[White "Chigaev, Maksim"]
[Black "Sotsky, Alexander"]
[Result "1-0"]
[WhiteTitle "IM"]
[BlackTitle "IM"]
[WhiteElo "2494"]
[BlackElo "2377"]
[WhiteFideId "4108116"]
[BlackFideId "4130715"]
[EventDate "2014.12.20"]

1. e4 e6 2. d3 d5 3. Nd2 Nf6 4. Ngf3 c5 5. g3 Nc6 6. Bg2 Be7 7. O-O b5 8. a4
bxa4 9. Rxa4 Qb6 10. exd5 exd5 11. d4 O-O 12. dxc5 Qxc5 13. Nb3 Qb5 14. Ra1 Bg4
15. h3 Bh5 16. Re1 Rfd8 17. Nbd4 Bxf3 18. Nxb5 Bxd1 19. Rxd1 Rd7 20. c4 Rad8 21.
Be3 Ne5 22. c5 Nc6 23. Nd4 Rc8 24. Nxc6 Rxc6 25. b4 Rc8 26. Ra4 h6 27. Rda1 Rb7
28. Rxa7 Rcc7 29. Rxb7 Rxb7 30. c6 Rb8 31. b5 1-0

[Event "European Rapid 2014"]
[Site "Wroclaw POL"]
[Date "2014.12.20"]
[Round "7.29"]
[White "Kubien, Jerzy"]
[Black "Savchenko, Boris"]
[Result "0-1"]
[WhiteTitle "FM"]
[BlackTitle "GM"]
[WhiteElo "2213"]
[BlackElo "2599"]
[WhiteFideId "1102621"]
[BlackFideId "4147332"]
[EventDate "2014.12.20"]

1. e4 e6 2. d4 d5 3. exd5 exd5 4. Bd3 Bd6 5. Ne2 Nf6 6. h3 O-O 7. O-O c5 8. c3
Nc6 9. Be3 b6 10. Nd2 Re8 11. Re1 h6 12. Nf3 a6 13. Bc2 c4 14. Ng3 b5 15. Qd2
Bf8 16. Bf4 Ne7 17. Ne5 Nd7 18. Ng4 Ng6 19. Rxe8 Qxe8 20. Bc7 Be7 21. Re1 Ndf8
22. Nf5 Bxf5 23. Bxf5 Qc6 24. Bg3 Bg5 25. Qd1 a5 26. a3 Nd7 27. Ne5 Ngxe5 28.
dxe5 Nc5 29. f4 Be7 30. Bf2 Ne6 31. Qf3 b4 32. axb4 axb4 33. Rd1 Nc7 34. cxb4
Bxb4 35. Bb1 Bc5 36. f5 Rb8 37. e6 Rxb2 38. exf7+ Kxf7 39. Bxc5 Qxc5+ 40. Kh1
Ne8 41. f6 Nxf6 42. Bh7 Rf2 43. Rxd5 Rxf3 44. Rxc5 Rf1+ 45. Kh2 Nxh7 46. Rxc4
Nf6 47. Kg3 Kg6 48. Rc6 Rd1 0-1

[Event "European Rapid 2014"]
[Site "Wroclaw POL"]
[Date "2014.12.20"]
[Round "7.30"]
[White "Vitiugov, Nikita"]
[Black "Pohjala, Henri"]
[Result "1-0"]
[WhiteTitle "GM"]
[BlackTitle "FM"]
[WhiteElo "2738"]
[BlackElo "2399"]
[WhiteFideId "4152956"]
[BlackFideId "506478"]
[EventDate "2014.12.20"]

1. d4 d5 2. c4 c6 3. Nf3 Nf6 4. Nc3 a6 5. e3 e6 6. b3 Nbd7 7. Bb2 b6 8. Bd3 Bb7
9. O-O Be7 10. Qe2 O-O 11. Rad1 Qc7 12. Ne5 Nxe5 13. dxe5 Nd7 14. f4 g6 15. Qg4
Rae8 16. Ne2 Bc8 17. Qg3 Nc5 18. Bc2 a5 19. Nd4 f5 20. cxd5 cxd5 21. Rc1 Qd7 22.
Qh3 Ba6 23. Rfd1 Rf7 24. a3 Bf8 25. b4 Na4 26. Ba1 axb4 27. axb4 Bxb4 28. Rb1
Bc5 29. Bb3 Bxd4 30. Bxd4 Nc5 31. Bc2 Qc6 32. Ra1 Bc4 33. Rdb1 b5 34. Qg3 Rb7
35. Qe1 Rc7 36. Ra3 Na4 37. h3 Qd7 38. Rb4 Nc5 39. Rb1 Qe7 40. Rba1 Ne4 41. Ra7
Nc5 42. Rxc7 Qxc7 43. Qb4 Na4 44. Bxa4 bxa4 45. Rxa4 Bd3 46. Ra7 Qb8 47. Bb6 Qc8
48. Qd6 Bb5 49. Rc7 Qa8 50. Qc5 Qa4 51. Ra7 Qc4 52. Qd6 d4 53. Bxd4 Qc6 54. Kh2
Qc4 55. Rc7 Qa4 56. Qb6 Qa6 57. Qc5 Qa4 58. Ra7 Qc4 59. Qd6 Qc6 60. Rc7 Qa6 61.
Kg3 Qa8 62. Ra7 Qc6 63. Bc5 Qc8 64. Qb6 Qc6 65. Rc7 Qxb6 66. Bxb6 Rf8 67. Bc5
Rf7 68. Be7 Ba6 69. Kf2 h6 70. h4 Kh7 71. g3 Bd3 72. Ke1 Be4 73. Kd2 Rg7 74. Kc3
Bd5 75. Kd4 Ba2 76. Kc5 Bb3 77. Kd6 Bd5 78. Rc8 Rg8 79. Bf8 g5 80. h5 gxf4 81.
gxf4 Kh8 82. Ke7 Kh7 83. Kf6 Rg3 84. Rc7+ Kg8 85. Bxh6 Rh3 86. Kg6 1-0

[Event "European Rapid 2014"]
[Site "Wroclaw POL"]
[Date "2014.12.20"]
[Round "7.31"]
[White "Konopka, Michal"]
[Black "Socko, Bartosz"]
[Result "0-1"]
[WhiteTitle "IM"]
[BlackTitle "GM"]
[WhiteElo "2418"]
[BlackElo "2617"]
[WhiteFideId "308633"]
[BlackFideId "1107038"]
[EventDate "2014.12.20"]

1. Nf3 Nf6 2. c4 e6 3. g3 d5 4. Bg2 dxc4 5. Qa4+ Nbd7 6. O-O a6 7. Qxc4 b5 8.
Qc2 Bb7 9. b3 c5 10. Bb2 Be7 11. d3 O-O 12. Nbd2 Qb6 13. a4 Rac8 14. axb5 axb5
15. Qc3 Rfd8 16. Qa5 Qc6 17. Qc3 Bf8 18. Rfc1 Nd5 19. Qc2 Qb6 20. Ne5 Nb8 21.
Ne4 f6 22. Nf3 Nc6 23. Nc3 Ndb4 24. Qd1 e5 25. Na2 Nxa2 26. Rxa2 Nb4 27. Raa1 e4
28. Ne1 exd3 29. exd3 Bxg2 30. Kxg2 Rd7 31. Qf3 Rcd8 32. Rd1 Qe6 33. Ba3 Qxb3
34. Rdb1 Qe6 35. Bxb4 cxb4 36. Qe4 Qxe4+ 37. dxe4 Rd2 38. Nf3 Rc2 39. Rc1 b3 40.
Rxc2 bxc2 41. Rc1 Rc8 42. Ne1 b4 0-1

[Event "European Rapid 2014"]
[Site "Wroclaw POL"]
[Date "2014.12.20"]
[Round "7.32"]
[White "Salgado Lopez, Ivan"]
[Black "Matuszewski, Michal"]
[Result "1-0"]
[WhiteTitle "GM"]
[BlackTitle "IM"]
[WhiteElo "2622"]
[BlackElo "2459"]
[WhiteFideId "2257327"]
[BlackFideId "1129775"]
[EventDate "2014.12.20"]

1. e4 c5 2. c3 a6 3. d4 cxd4 4. cxd4 d5 5. exd5 Nf6 6. Nc3 Nxd5 7. Nf3 Nc6 8.
Bc4 e6 9. O-O Be7 10. Re1 O-O 11. a3 Re8 12. Ba2 g6 13. h3 Nxc3 14. bxc3 Bf6 15.
Bh6 Ne7 16. Ne5 Nf5 17. Bf4 Qa5 18. Qf3 Bg7 19. Bh2 Qd8 20. Rad1 Qf6 21. Ng4 Qe7
22. a4 Bd7 23. Qxb7 Bxa4 24. Qxe7 Nxe7 25. Ra1 Bb5 26. Ne5 Nc6 27. Nc4 Rad8 28.
Nd6 Re7 29. Bc4 e5 30. Nxb5 axb5 31. Bxb5 Na7 32. Bf1 Nc6 33. Bb5 Na7 34. Ba4
Rc8 35. Rac1 Rec7 36. d5 Rxc3 37. Rxc3 Rxc3 38. d6 Nc6 39. d7 Bf6 40. Bxc6 Rxc6
41. Bxe5 Bd8 42. Bb2 Re6 43. Rc1 Kf8 44. Ba3+ Kg7 45. Rc8 Bg5 46. d8=Q Re1+ 47.
Kh2 Bxd8 48. Rxd8 Re2 49. Bc5 g5 50. Be3 h6 51. g4 Ra2 52. Bd4+ 1-0

[Event "European Rapid 2014"]
[Site "Wroclaw POL"]
[Date "2014.12.20"]
[Round "7.33"]
[White "Sieciechowicz, Marcin"]
[Black "Korobov, Anton"]
[Result "0-1"]
[WhiteTitle "IM"]
[BlackTitle "GM"]
[WhiteElo "2447"]
[BlackElo "2693"]
[WhiteFideId "1130170"]
[BlackFideId "14105730"]
[EventDate "2014.12.20"]

1. d4 Nf6 2. c4 g6 3. Nc3 Bg7 4. e4 d6 5. Nf3 O-O 6. Be2 e5 7. O-O Nc6 8. d5 Ne7
9. b4 Ne8 10. a4 h6 11. c5 f5 12. Nd2 Nf6 13. f3 f4 14. Ba3 g5 15. b5 h5 16.
cxd6 cxd6 17. Nc4 Ne8 18. Rc1 Rf6 19. h3 Rg6 20. Qe1 g4 21. fxg4 hxg4 22. Bxg4
Bxg4 23. hxg4 Rxg4 24. Qe2 Rg6 25. Rf3 Qd7 26. Rd3 Rc8 27. Nb1 Nf6 28. Rcc3 Nh7
29. Nbd2 Rf8 30. b6 axb6 31. Nxb6 Qd8 32. a5 Kh8 33. Rh3 Ng8 34. Nf3 Nh6 35. Rc8
Qe7 36. Nh4 Rg5 37. Qc4 Rg4 38. Rxf8+ Bxf8 39. Nf5 Nxf5 40. exf5 Kg8 41. Qe2 Rg5
42. Rh5 Rg3 43. Rh3 Qg5 44. Rxg3 fxg3 45. Qf3 Nf6 46. Nc4 e4 47. Qb3 Qh4 48. Ne3
Qf4 49. Bb4 Qf2+ 50. Kh1 Ng4 0-1

[Event "European Rapid 2014"]
[Site "Wroclaw POL"]
[Date "2014.12.20"]
[Round "7.34"]
[White "Butkiewicz, Lukasz"]
[Black "Edouard, Romain"]
[Result "1/2-1/2"]
[WhiteTitle "IM"]
[BlackTitle "GM"]
[WhiteElo "2422"]
[BlackElo "2659"]
[WhiteFideId "1122428"]
[BlackFideId "633429"]
[EventDate "2014.12.20"]

1. e4 c5 2. Nf3 e6 3. d4 cxd4 4. Nxd4 Nc6 5. Nc3 a6 6. Be3 Nf6 7. Be2 Qc7 8. O-O
d6 9. f4 Be7 10. a4 O-O 11. Kh1 Na5 12. Qe1 Nc4 13. Bxc4 Qxc4 14. Qg3 Qc7 15. f5
Kh8 16. Qh3 e5 17. Nde2 b6 18. Ng3 Bb7 19. Nh5 Qc4 20. Bg5 Bxe4 21. Bxf6 gxf6
22. Qg4 Bxg2+ 23. Qxg2 Rg8 24. Qe4 Rac8 25. Qxc4 Rxc4 26. Nd5 Bf8 27. Rg1 Rg5
28. Ndxf6 Bh6 29. Rxg5 Bxg5 30. Rg1 h6 31. Rd1 Rxc2 32. Rxd6 Bxf6 33. Rxf6 Rxb2
34. Rxf7 Kg8 35. Re7 Rb1+ 36. Kg2 Rb2+ 37. Kf3 Rxh2 38. Nf6+ Kf8 39. Ra7 Rh4 40.
Nd7+ Ke7 41. Nxb6+ Kf6 42. Nd5+ Kxf5 43. Ne3+ Kg5 44. Rxa6 Rf4+ 45. Ke2 h5 46.
Re6 Rxa4 47. Rxe5+ 1/2-1/2

[Event "European Rapid 2014"]
[Site "Wroclaw POL"]
[Date "2014.12.20"]
[Round "7.35"]
[White "Vega Gutierrez, Sabrina"]
[Black "Azarov, Sergei"]
[Result "0-1"]
[WhiteTitle "IM"]
[BlackTitle "GM"]
[WhiteElo "2405"]
[BlackElo "2635"]
[WhiteFideId "2219026"]
[BlackFideId "13501470"]
[EventDate "2014.12.20"]

1. e4 e5 2. Nf3 Nc6 3. Bc4 Nf6 4. d3 Be7 5. O-O O-O 6. Re1 d6 7. a4 Kh8 8. a5 a6
9. Nc3 Bg4 10. h3 Bh5 11. Nd5 Nd7 12. c3 Nc5 13. d4 exd4 14. cxd4 Bxf3 15. gxf3
Ne6 16. Be3 Bf6 17. Nxf6 Qxf6 18. f4 Nexd4 19. f5 g6 20. Ra4 gxf5 21. Bd5 Ne6
22. Qf3 f4 23. Bxc6 bxc6 24. Kh1 Qh4 25. Bd2 Ng5 26. Qg4 Qxg4 27. hxg4 Ne6 28.
Bc3+ f6 29. Rc4 c5 30. Kg2 Rab8 31. Rh1 Kg7 32. Rh5 Kg6 33. Ra4 Ng5 34. f3 Rb3
35. Ra1 Rfb8 36. Rc1 Rxb2+ 37. Bxb2 Rxb2+ 38. Kf1 Nxf3 39. Rf5 Ne5 40. Rc3 f3
41. Ra3 Nxg4 0-1

[Event "European Rapid 2014"]
[Site "Wroclaw POL"]
[Date "2014.12.20"]
[Round "7.36"]
[White "Guliyev, Namig"]
[Black "Gergacz, Attila"]
[Result "1/2-1/2"]
[WhiteTitle "GM"]
[BlackTitle "IM"]
[WhiteElo "2557"]
[BlackElo "2352"]
[WhiteFideId "13400363"]
[BlackFideId "730157"]
[EventDate "2014.12.20"]

1. e4 e6 2. d4 d5 3. Nc3 Nf6 4. e5 Nfd7 5. f4 c5 6. Nf3 Nc6 7. Be3 a6 8. Qd2 b5
9. dxc5 Bxc5 10. Ne2 Bxe3 11. Qxe3 Qa5+ 12. Qd2 Qb6 13. Ned4 Nc5 14. Nxc6 Qxc6
15. Bd3 O-O 16. O-O Ne4 17. Qe3 Bb7 18. a3 f5 19. c3 Rac8 20. Rad1 Nc5 21. Nd4
Qb6 22. Rd2 Nb3 23. Re2 Nxd4 24. Qxd4 Qxd4+ 25. cxd4 Rc7 26. Kf2 Rfc8 27. Ke3
Kf7 28. h3 Rc1 29. Ree1 R1c4 30. g4 g6 31. gxf5 exf5 32. Bxc4 dxc4 33. d5 Bxd5
34. Kd4 Ke6 35. Kc3 a5 36. Rd1 Rb8 37. Ra1 g5 38. Kd4 gxf4 39. Rxf4 Rd8 40. Kc5
Kxe5 41. Rh4 Be4 42. Kxb5 Bd3 43. Kxa5 Rb8 44. Re1+ Kd5 45. Rxh7 Rxb2 46. Re8
Kd4 47. a4 Kc3 48. h4 f4 49. Rg7 f3 50. Rf8 f2 51. Rg3 Re2 52. h5 Kd2 53. h6
Re5+ 54. Kb4 f1=Q 55. Rxf1 Bxf1 56. Rg1 Bd3 57. Rg2+ Ke3 58. Rh2 Re8 59. Kc3 Ke4
60. h7 Rh8 61. a5 Kd5 62. a6 Kc6 63. Rh6+ Kc7 64. Kd4 Kb8 65. Kc3 Ka7 66. Kd4
Kb8 67. Kc3 Ka7 68. Kd4 Bxh7 69. Kc3 Ka8 70. Rh4 Ka7 71. Rh6 Ka8 72. Rh4 Kb8 73.
Rh2 Kc8 74. Rh4 Kc7 75. Rh6 Kb8 76. Rh2 Ka7 77. Rh6 Ka8 78. Rh4 Ka7 1/2-1/2

[Event "European Rapid 2014"]
[Site "Wroclaw POL"]
[Date "2014.12.20"]
[Round "7.37"]
[White "Antoms, Guntars"]
[Black "Neiksans, Arturs"]
[Result "1/2-1/2"]
[WhiteTitle "IM"]
[BlackTitle "GM"]
[WhiteElo "2345"]
[BlackElo "2559"]
[WhiteFideId "11601469"]
[BlackFideId "11601388"]
[EventDate "2014.12.20"]

1. e4 c5 2. Nf3 e6 3. d4 cxd4 4. Nxd4 Nc6 5. Nc3 Qc7 6. Be3 Nf6 7. f4 d6 8. Qf3
a6 9. O-O-O Be7 10. Nb3 b5 11. g4 Bb7 12. g5 Nd7 13. h4 Nc5 14. Kb1 b4 15. Nxc5
dxc5 16. Na4 Na7 17. f5 Qc6 18. fxe6 fxe6 19. Bc4 1/2-1/2

[Event "European Rapid 2014"]
[Site "Wroclaw POL"]
[Date "2014.12.20"]
[Round "7.38"]
[White "Piesik, Piotr"]
[Black "Krasenkow, Michal"]
[Result "0-1"]
[BlackTitle "GM"]
[WhiteElo "2256"]
[BlackElo "2614"]
[WhiteFideId "1136194"]
[BlackFideId "1113100"]
[EventDate "2014.12.20"]

1. Nf3 d6 2. d4 Nf6 3. g3 Bf5 4. Bg2 c6 5. O-O Nbd7 6. Nbd2 e5 7. dxe5 dxe5 8.
Nh4 Be6 9. e4 Bc5 10. a4 a5 11. Qe2 O-O 12. Nc4 Qc7 13. Bd2 Nb6 14. Nxb6 Qxb6
15. b3 Bg4 16. Bf3 Be6 17. Rad1 Bd4 18. Nf5 Bxf5 19. exf5 e4 20. Bg2 Rfe8 21.
Be3 Bxe3 22. Qxe3 Qc7 23. c4 Qe5 24. Bh3 Rad8 25. Qb6 Rxd1 26. Rxd1 h5 27. Re1
Qc3 28. Re3 Qb4 29. Qc7 Re7 30. Qc8+ Kh7 31. Kg2 Rd7 32. Rxe4 Rd2 33. Rf4 Qe7
34. Qb8 Qe2 35. Qa7 Rd1 36. Rh4 Qf1+ 37. Kf3 Rd3+ 38. Kf4 Qc1+ 39. Ke5 Qe1+ 40.
Kf4 Qd2+ 41. Ke5 Nd7+ 42. Ke4 Qe2+ 43. Kf4 Qf3+ 44. Kg5 f6# 0-1

[Event "European Rapid 2014"]
[Site "Wroclaw POL"]
[Date "2014.12.20"]
[Round "7.39"]
[White "Ziaziulkina, Nastassia"]
[Black "Heberla, Bartlomiej"]
[Result "0-1"]
[WhiteTitle "IM"]
[BlackTitle "GM"]
[WhiteElo "2427"]
[BlackElo "2561"]
[WhiteFideId "13505211"]
[BlackFideId "1115120"]
[EventDate "2014.12.20"]

1. e4 c5 2. Nf3 e6 3. d4 cxd4 4. Nxd4 Nf6 5. Nc3 Nc6 6. Ndb5 Bc5 7. Bf4 O-O 8.
Bc7 Qe7 9. Bd6 Bxd6 10. Qxd6 Qd8 11. Qc7 Qxc7 12. Nxc7 Rb8 13. N7b5 d5 14. exd5
exd5 15. O-O-O a6 16. Nd4 Ng4 17. Nxc6 bxc6 18. Rd2 Re8 19. Bd3 a5 20. Kb1 Kf8
21. Na4 Re5 22. b3 Be6 23. f3 Nf6 24. Re2 Rxe2 25. Bxe2 Ke7 26. Rd1 Kd6 27. c4
Bf5+ 28. Kb2 Re8 29. Rd2 h5 30. Nc3 Kc5 31. Na4+ Kd6 32. Nc3 h4 33. cxd5 cxd5
34. Bc4 Be6 35. Ne4+ Ke5 36. Nxf6 Kxf6 37. Bd3 Ke5 38. Re2+ Kf4 39. Kc3 h3 40.
Kd4 Rc8 41. gxh3 Rh8 42. a3 Kxf3 43. b4 axb4 44. axb4 Rh4+ 45. Kc5 Bf5 46. Ba6
d4 47. Re5 Be4 48. Kxd4 Bb7+ 49. Kc5 Bxa6 50. Rf5+ Kg2 51. Rxf7 g6 52. Rg7 Bd3
53. b5 Rc4+ 54. Kd5 Rb4 55. Ke5 Rxb5+ 56. Kd4 Bb1 57. h4 Rh5 58. Rb7 Bf5 59.
Rb2+ Kh3 60. Ke5 Rxh4 61. Kf6 Rg4 62. Rd2 Be4 63. Ke5 Bg2 64. Rd6 Kxh2 65. Kf6
Be4 66. Rd4 Kg3 67. Ke5 Bf3 68. Rd8 Rf4 69. Rg8 Be4 70. Ra8 0-1

[Event "European Rapid 2014"]
[Site "Wroclaw POL"]
[Date "2014.12.20"]
[Round "7.40"]
[White "Plichta, Kamil"]
[Black "Stocek, Jiri"]
[Result "0-1"]
[WhiteTitle "FM"]
[BlackTitle "GM"]
[WhiteElo "2320"]
[BlackElo "2554"]
[WhiteFideId "1141830"]
[BlackFideId "304760"]
[EventDate "2014.12.20"]

1. d4 Nf6 2. c4 c5 3. d5 b5 4. cxb5 a6 5. f3 e6 6. e4 c4 7. Bxc4 Bc5 8. Ne2 O-O
9. Nbc3 Bb7 10. dxe6 fxe6 11. Na4 Nxe4 12. Nxc5 Nxc5 13. Qd4 axb5 14. Qxc5 Qh4+
15. Qf2 Qxc4 16. b3 Qc2 17. O-O Rxa2 18. Rxa2 Qxa2 19. Bf4 Nc6 20. Bd6 Rf5 21.
Qe3 Rd5 22. Nc3 Qxb3 23. Nxd5 Qxd5 24. Qc5 Qd3 25. Bg3 Nd4 26. Re1 Nxf3+ 27. Kf2
Nxe1 28. Kxe1 Bxg2 29. Qg5 h6 30. Qd8+ Kh7 31. Qb6 Bf3 0-1

[Event "European Rapid 2014"]
[Site "Wroclaw POL"]
[Date "2014.12.20"]
[Round "7.41"]
[White "Warakomski, Tomasz"]
[Black "Bernotas, Arturs"]
[Result "1/2-1/2"]
[WhiteTitle "IM"]
[WhiteElo "2456"]
[BlackElo "2272"]
[WhiteFideId "1124552"]
[BlackFideId "11601426"]
[EventDate "2014.12.20"]

1. e4 c5 2. Nf3 d6 3. d4 cxd4 4. Nxd4 Nf6 5. Nc3 a6 6. f4 e5 7. Nf3 Nbd7 8. a4
Be7 9. Bd3 O-O 10. O-O exf4 11. Bxf4 Nc5 12. Qd2 Bg4 13. Nd4 d5 14. e5 Nfe4 15.
Bxe4 Nxe4 16. Nxe4 dxe4 17. c3 Qd5 18. Kh1 Rad8 19. Qf2 Bc5 20. Bg5 Rde8 21. Bf4
f6 22. exf6 Rxf6 23. Qg3 Bh5 24. Be3 Ref8 25. Rxf6 Rxf6 26. h3 Bd6 27. Qg5 Qxg5
28. Bxg5 Rf2 29. b4 Bg3 30. b5 Bf7 31. Be3 Rf6 32. Ne2 Bf2 33. Bd4 Bxd4 34. Nxd4
Bc4 35. bxa6 Rxa6 36. Kg1 Rf6 37. Rb1 Rf7 38. Re1 Bd3 39. Kh2 Rc7 40. Nb5 Bxb5
41. axb5 Rxc3 42. Rxe4 Rc5 43. Rb4 b6 44. h4 h5 45. g4 hxg4 46. Kg3 Kf7 47. Kxg4
Ke6 48. h5 Re5 49. Rb3 Kd6 50. Kh4 Rd5 51. Rg3 Rxb5 52. Rxg7 Rb1 53. Rg2 Rh1+
54. Kg5 Kc5 55. h6 b5 56. Kg6 b4 57. h7 b3 58. Rg5+ Kc4 59. Rh5 Rxh5 60. Kxh5 b2 1/2-1/2

[Event "European Rapid 2014"]
[Site "Wroclaw POL"]
[Date "2014.12.20"]
[Round "7.42"]
[White "Loginov, Valery A"]
[Black "Nasuta, Grzegorz"]
[Result "1-0"]
[WhiteTitle "GM"]
[BlackTitle "FM"]
[WhiteElo "2486"]
[BlackElo "2351"]
[WhiteFideId "4126297"]
[BlackFideId "1141686"]
[EventDate "2014.12.20"]

1. e4 c5 2. Nf3 d6 3. d4 cxd4 4. Nxd4 Nf6 5. Nc3 a6 6. Be2 e6 7. O-O Be7 8. f4
O-O 9. a4 Qc7 10. Be3 Nc6 11. Kh1 Re8 12. Bf3 Rb8 13. g4 Nxd4 14. Bxd4 e5 15.
fxe5 dxe5 16. Ba7 Ra8 17. g5 Nd7 18. Nd5 Qd8 19. Be3 Nf8 20. Bh5 Be6 21. Qf3 Ng6
22. Rad1 Bxg5 23. Bb6 Qc8 24. Nc7 Nf4 25. Rg1 Bf6 26. Bg4 Rb8 27. Bxe6 Rxe6 28.
Nxe6 Qxe6 29. Be3 Ng6 30. b3 Be7 31. Rd5 Rf8 32. Qf5 Qc6 33. c4 Bb4 34. h4 Nxh4
35. Qxe5 Ng6 36. Qf5 Bc3 37. Bc5 Re8 38. Rd6 Qc8 39. Qxc8 Rxc8 40. Bd4 Bxd4 41.
Rxd4 Ne5 42. Rgd1 g5 43. Rd8+ Rxd8 44. Rxd8+ Kg7 45. Rb8 g4 46. Rxb7 h5 47. b4
h4 48. b5 a5 49. Re7 Kf6 50. Re8 Nxc4 51. Rc8 Nd6 52. Rc6 Ke5 53. b6 h3 54. Kh2
f6 55. Rc7 Kxe4 56. Rd7 Ke5 57. b7 Nxb7 58. Rxb7 f5 59. Kg3 Ke4 60. Re7+ Kd4 61.
Ra7 Ke3 62. Rxa5 f4+ 63. Kxg4 h2 64. Rh5 f3 65. Rxh2 f2 66. Rxf2 1-0

[Event "European Rapid 2014"]
[Site "Wroclaw POL"]
[Date "2014.12.20"]
[Round "7.43"]
[White "Dourerassou, Jonathan"]
[Black "Hoepfl, Thomas"]
[Result "0-1"]
[WhiteTitle "IM"]
[BlackTitle "FM"]
[WhiteElo "2469"]
[BlackElo "2296"]
[WhiteFideId "628050"]
[BlackFideId "4615182"]
[EventDate "2014.12.20"]

1. e4 e5 2. Nf3 Nc6 3. Bb5 Bc5 4. c3 Nf6 5. Qe2 O-O 6. O-O Re8 7. d3 a6 8. Ba4
Ba7 9. Bg5 d6 10. Nbd2 Bd7 11. Bb3 Qe7 12. Nc4 h6 13. Bh4 Be6 14. Ne3 Bxe3 15.
fxe3 Bxb3 16. axb3 Nb8 17. Nd2 Nbd7 18. Rf5 Qe6 19. Raf1 Rf8 20. d4 Nh7 21. Qf2
f6 22. Qe2 Rf7 23. Bg3 Re8 24. Qh5 Ndf8 25. R5f2 Rfe7 26. b4 Qf7 27. Qe2 Qg6 28.
Qc4+ Kh8 29. Rf5 Ng5 30. Bh4 Nfh7 31. Qd5 exd4 32. exd4 Nxe4 33. Nxe4 Rxe4 34.
Bg3 b6 35. Qb7 Qf7 36. Bxd6 Qb3 37. Qxc7 Qxb2 38. R5f2 Qb3 39. Rf3 Ng5 40. R3f2
Re1 41. h4 Rxf1+ 42. Rxf1 Ne4 43. Bf4 Nxc3 44. Qc6 Ne2+ 45. Kh2 Qe6 46. d5 Qe4
47. Bg3 Nxg3 48. Kxg3 Qd3+ 49. Rf3 Qe4 50. Kh3 Re5 51. Qa8+ Kh7 52. Qxa6 Rxd5
53. Qb7 Qe6+ 54. Kh2 Rd4 55. Qc7 Rxh4+ 56. Kg3 Rxb4 57. Qc2+ Qe4 58. Qd2 Qh4# 0-1

[Event "European Rapid 2014"]
[Site "Wroclaw POL"]
[Date "2014.12.20"]
[Round "7.44"]
[White "Berzinsh, Roland"]
[Black "Dragicevic, Drazen"]
[Result "1-0"]
[WhiteTitle "IM"]
[BlackTitle "FM"]
[WhiteElo "2395"]
[BlackElo "2289"]
[WhiteFideId "11600357"]
[BlackFideId "1707922"]
[EventDate "2014.12.20"]

1. e4 c5 2. Nf3 Nc6 3. d4 cxd4 4. Nxd4 Nf6 5. Nc3 e5 6. Ndb5 d6 7. a4 Be7 8. Bg5
O-O 9. Bxf6 Bxf6 10. Nxd6 Nd4 11. Nxc8 Rxc8 12. Bd3 Qb6 13. Rb1 Bg5 14. O-O Qh6
15. Nd5 Rfd8 16. c3 Ne6 17. g3 Rc6 18. Qe2 Qh3 19. Bc2 Rcd6 20. Rbd1 h5 21. Qf3
h4 22. b4 R8d7 23. Rd3 hxg3 24. hxg3 Bd8 25. Qg2 Qh5 26. Bd1 Qg6 27. a5 Ng5 28.
Bg4 Rc7 29. Rfd1 Rc4 30. Bf5 Qh5 31. f4 exf4 32. Nxf4 Rxd3 33. Rxd3 Nf3+ 34.
Qxf3 Qg5 35. Rd5 Qf6 36. Qd3 1-0

[Event "European Rapid 2014"]
[Site "Wroclaw POL"]
[Date "2014.12.20"]
[Round "7.45"]
[White "Nuri, Kambez"]
[Black "Georgiadis, Nico"]
[Result "0-1"]
[WhiteTitle "FM"]
[BlackTitle "IM"]
[WhiteElo "2317"]
[BlackElo "2465"]
[WhiteFideId "1311433"]
[BlackFideId "1300113"]
[EventDate "2014.12.20"]

1. e4 c5 2. d4 cxd4 3. c3 d3 4. Nf3 g6 5. Bxd3 Bg7 6. O-O Nc6 7. Qe2 d6 8. h3
Nf6 9. Rd1 Nd7 10. Na3 O-O 11. Be3 b6 12. Nc4 b5 13. Ncd2 a6 14. a4 b4 15. Nd4
Nde5 16. f4 Nxd4 17. Bxd4 bxc3 18. Bxc3 Nxd3 19. Qxd3 Bxc3 20. Qxc3 Qb6+ 21. Kh1
Bb7 22. a5 Qb5 23. Qd4 Rfc8 24. Qb6 Qxb6 25. axb6 Rc6 26. Ra4 Rxb6 27. Nc4 Rb5
28. e5 dxe5 29. fxe5 e6 30. Rd7 Bc6 31. Rd6 Rc5 32. Rb4 a5 33. Rb6 Bxg2+ 34.
Kxg2 Rxc4 35. Rb7 Rb4 36. Rxb4 axb4 37. Rb6 Ra5 38. Rxb4 Rxe5 39. Kf3 Re1 0-1

[Event "European Rapid 2014"]
[Site "Wroclaw POL"]
[Date "2014.12.20"]
[Round "7.46"]
[White "Kanep, Meelis"]
[Black "Makovskis, Georgijs"]
[Result "1-0"]
[WhiteTitle "GM"]
[WhiteElo "2509"]
[BlackElo "2232"]
[WhiteFideId "4501047"]
[BlackFideId "11601132"]
[EventDate "2014.12.20"]

1. d4 Nf6 2. Bg5 e6 3. e4 h6 4. Bxf6 Qxf6 5. c3 b6 6. Bd3 Bb7 7. Ne2 d6 8. O-O
Nd7 9. f4 Qd8 10. a4 a5 11. e5 dxe5 12. fxe5 Qg5 13. Nf4 Be7 14. Nd2 Nxe5 15.
dxe5 O-O-O 16. Qe2 Kb8 17. Kh1 Rd7 18. Rad1 Rhd8 19. Nc4 Bc5 20. b3 h5 21. Bc2
Rxd1 22. Bxd1 g6 23. Bc2 h4 24. Be4 Ba6 25. Nh3 Bxc4 26. Qxc4 Qxe5 27. Nf4 f5
28. Bf3 g5 29. Qa6 c6 30. Bxc6 Kc7 31. Qb7+ Kd6 32. Rd1+ Bd4 33. Rxd4+ Kc5 34.
Nd3# 1-0

[Event "European Rapid 2014"]
[Site "Wroclaw POL"]
[Date "2014.12.20"]
[Round "7.47"]
[White "Eggink, Ryszard"]
[Black "Gdanski, Jacek"]
[Result "0-1"]
[BlackTitle "GM"]
[WhiteElo "2236"]
[BlackElo "2500"]
[WhiteFideId "1125869"]
[BlackFideId "1100106"]
[EventDate "2014.12.20"]

1. d4 Nf6 2. c4 c5 3. d5 g6 4. Nc3 d6 5. e4 Bg7 6. Bd3 O-O 7. Nge2 e6 8. O-O Ng4
9. dxe6 fxe6 10. Bf4 Nc6 11. Bg3 h5 12. h3 h4 13. Bf4 Nge5 14. Bh2 g5 15. f4
gxf4 16. Nxf4 Bd7 17. Rc1 Qg5 18. Nce2 Nxd3 19. Qxd3 Nd4 20. Nxd4 Bxd4+ 21. Kh1
e5 22. Nd5 Kg7 23. b4 cxb4 24. Nxb4 Qe3 25. Qxe3 Bxe3 26. Rcd1 Ba4 27. Rb1 b6
28. Bg1 Bc5 29. Nd5 Bc2 30. Rxf8 Rxf8 31. Re1 Bd3 32. Bxc5 dxc5 33. Ne3 Rf4 34.
Ng4 Rxe4 35. Rxe4 Bxe4 36. Nxe5 Kf6 37. Nf3 Bxf3 38. gxf3 Ke5 39. Kg2 Kd4 40. f4
Ke4 41. f5 Kxf5 42. Kf3 Ke5 43. Kg4 b5 44. cxb5 Ke4 45. a4 c4 46. a5 Kd5 0-1